Anthropology and climate change : (Record no. 1430674)

MARC details
000 -LEADER
fixed length control field 02594nam a2200229Ia 4500
005 - DATE AND TIME OF LATEST TRANSACTION
control field 20250605101929.0
008 - FIXED-LENGTH DATA ELEMENTS--GENERAL INFORMATION
fixed length control field 008 250516s9999 xx 000 0 eng d
020 ## - INTERNATIONAL STANDARD BOOK NUMBER
International Standard Book Number  9781032150932
040 ## - CATALOGING SOURCE
Original cataloging agency SDCL
Language of cataloging eng
Transcribing agency SDCL
041 ## - LANGUAGE CODE
Language code of text/sound track or separate title eng
Source of code eng
084 ## - COLON CLASSIFICATION NUMBER
Classification number V:(G:55) R4
Assigning agency SDCL
245 #0 - TITLE STATEMENT
Title Anthropology and climate change :
Remainder of title From transformations to worldmaking
250 ## - EDITION STATEMENT
Edition statement 3rd ed.
260 ## - PUBLICATION, DISTRIBUTION, ETC.
Place of publication, distribution, etc. New York :
Name of publisher, distributor, etc. Routledge,
Date of publication, distribution, etc. 2024.
300 ## - PHYSICAL DESCRIPTION
Extent xviii, 395p.
365 ## - TRADE PRICE
Price type code UKP
Price amount 36.99
520 ## - SUMMARY, ETC.
Summary, etc. In this third edition of Anthropology and Climate Change, Susan Crate and Mark Nuttall offer a collection of chapters that examine how anthropologists work on climate change issues with their collaborators, both in academic research and practicing contexts, and discuss new developments in contributions to policy and adaptation at different scales. Building on the first edition’s pioneering focus on anthropology’s burgeoning contribution to climate change research, policy, and action, as well as the second edition’s focus on transformations and new directions for anthropological work on climate change, this new edition reveals the extent to which anthropologists’ contributions are considered to be critical by climate scientists, policymakers, affected communities, and other rights-holders. Drawing on a range of ethnographic and policy issues, this book highlights the work of anthropologists in the full range of contexts – as scholars, educators, and practitioners from academic institutions to government bodies, international science agencies and foundations, working in interdisciplinary research teams and with community research partners.<br/><br/>The contributions to this new edition showcase important new academic research, as well as applied and practicing approaches. They emphasize human agency in the archaeological record, the rapid development in the last decade of community-based and community-driven research and disaster research; provide rich ethnographic insight into worldmaking practices, interventions, and collaborations; and discuss how, and in what ways, anthropologists work in policy areas and engage with regional and global assessments.<br/><br/>This new edition is essential for established scholars and for students in anthropology and a range of other disciplines, including environmental studies, as well as for practitioners who engage with anthropological studies of climate change in their work.
650 ## - SUBJECT ADDED ENTRY--TOPICAL TERM
Topical term or geographic name entry element Environmental history
9 (RLIN) 811828
700 ## - ADDED ENTRY--PERSONAL NAME
Personal name Crate, Susan A.
9 (RLIN) 810151
700 ## - ADDED ENTRY--PERSONAL NAME
Personal name Nuttall, Mark
9 (RLIN) 811829
942 ## - ADDED ENTRY ELEMENTS (KOHA)
Koha item type Textual
Source of classification or shelving scheme Colon Classification (CC)
Suppress in OPAC No
Holdings
Withdrawn status Lost status Source of classification or shelving scheme Damaged status Not for loan Home library Current library Date acquired Source of acquisition Inventory number Total Checkouts Full call number Barcode Date last seen Price effective from Koha item type
    Colon Classification (CC)     South Campus Library South Campus Library 2025-05-22 Classic Book Service 188, 27/12/2024   V:(G:55) R4 SC1690899 2025-05-22 2025-05-22 Textual
Copyright @ Delhi University Library System